000 00801nam a2200229Ia 4500
001 15701
003 GE_BSU
008 181216s||||||||xx |||||||||||||| ||und||
040 _cGE_BSU
080 _a633.72(479.22)(092)
100 _aწვერავა, სიმონ
245 _aასკანელი ქალიშვილი
245 _bნარკვევი მეჩაიე კლ. ნაცვალაძეზე
245 _cრედ.ნ.ჩირაძე. მხ.ტ.შეყილაძე
260 _aთბილისი
260 _bნაკადული
260 _c1969
300 _a84გვ. : პორტრ. ; 20სმ
653 _aასკანელი ქალიშვილი
653 _aნარკვევი
942 _cBK
999 _c48799
_d48799